| 000 | 00526nam a2200145 4500 | ||
|---|---|---|---|
| 001 | 137570 | ||
| 003 | ES-MaACL | ||
| 005 | 20230906195411.0 | ||
| 007 | t| | ||
| 008 | 070214s1917 sp r ||||1| spa d | ||
| 100 | 1 |
_aSánchez Covisa, Isidro. _9102556 |
|
| 245 | 1 | 0 |
_aAplicaciones de la radiografía en urología _b: dos casos de reflujo vesico-renal y dilatación permanente de los uréteres / _cIsidro Sánchez Covisa. |
| 260 |
_aMadrid : _b[s.n.], _c1917 ( _fImp. de Gabriel López del Horno) |
||
| 852 |
_aES-MaACL _j1557-F-2 |
||
| 999 |
_c137570 _d137570 |
||